| 000 | 00342nam a22001457a 4500 | ||
|---|---|---|---|
| 003 | SGT | ||
| 020 | _a978-0823062621 | ||
| 082 |
_a700 _bA92B |
||
| 100 | _aBertram, Bahner | ||
| 245 | _aART DIRECTORS INDEX TO PHOTOGRAPHERS N-18 | ||
| 260 |
_aSAUTH ASIA _bRotovision _c1992 |
||
| 300 | _a332 | ||
| 650 | _aMASS COMMUNICATION | ||
| 942 |
_2ddc _cBK |
||
| 999 |
_c12827 _d12827 |
||